99 ფრანკი /99 Franc (Record no. 1683)

000 -LEADER
fixed length control field 00710nam a22002057a 4500
003 - CONTROL NUMBER IDENTIFIER
control field OSt
005 - DATE AND TIME OF LATEST TRANSACTION
control field 20210423054913.0
008 - FIXED-LENGTH DATA ELEMENTS--GENERAL INFORMATION
fixed length control field 210224s2011 ||||| |||| 00| 0 geo d
020 ## - INTERNATIONAL STANDARD BOOK NUMBER
International Standard Book Number 9789941422737
040 ## - CATALOGING SOURCE
Original cataloging agency eng
Language of cataloging eng
Transcribing agency DLC
041 ## - LANGUAGE CODE
Language code of text/sound track or separate title geo
Language code of original fre
080 ## - UNIVERSAL DECIMAL CLASSIFICATION NUMBER
Universal Decimal Classification number 821.353.1
Item number ბ-47
100 ## - MAIN ENTRY--PERSONAL NAME
9 (RLIN) 1092
Personal name ბემბედერი, ფრედერიკ / Bembeder, Frederic
245 ## - TITLE STATEMENT
Title 99 ფრანკი /99 Franc
Statement of responsibility, etc. / by: Palitra L. / პალიტრა L
260 ## - PUBLICATION, DISTRIBUTION, ETC.
Place of publication, distribution, etc. თბილისი / Tbilisi
Name of publisher, distributor, etc. Palitra L. / პალიტრა L
Date of publication, distribution, etc. 2011
300 ## - PHYSICAL DESCRIPTION
Extent 203 p.
650 #0 - SUBJECT ADDED ENTRY--TOPICAL TERM
9 (RLIN) 942
Topical term or geographic name entry element Georgian Literature
653 ## - INDEX TERM--UNCONTROLLED
Uncontrolled term ქართული ლიტერატურა
942 ## - ADDED ENTRY ELEMENTS (KOHA)
Source of classification or shelving scheme
Koha item type Books
Holdings
Withdrawn status Lost status Source of classification or shelving scheme Damaged status Not for loan Permanent location Current location Date acquired Inventory number Total Checkouts Full call number Barcode Date last seen Price effective from Koha item type
          Ken Walker International University Ken Walker International University 02/24/2021 1543   821.353.1 ბ-47 1543 02/24/2021 02/24/2021 Books

Powered by Koha